| 000 | 00625nam a22001937a 4500 | ||
|---|---|---|---|
| 005 | 20241120161130.0 | ||
| 010 | _aENG--142315 | ||
| 020 |
_a9789392005039 _c999.00 |
||
| 035 | _aEN-125847 | ||
| 037 | _bDBAD | ||
| 082 | _a394.260954 | ||
| 100 |
_aRathore, Kunwar I S _974017 |
||
| 245 |
_aHornbill Festival/ _c By Kunwar I S Rathore _bRainbow of North- East |
||
| 250 | _aFirst | ||
| 260 |
_aU.P. _bKrishna Publisher _c2022 |
||
| 270 |
_aRTB 157, Royal Tower Shipra Sun City, _bGhaziabad, U.P. _e201014 _mkrishnapublisher@gmail.com |
||
| 300 |
_a248pbk. _c22cm(PB) |
||
| 942 |
_2ddc _cEN _h394.260954 _mRAT |
||
| 999 |
_c206598 _d206598 |
||